00821cam a2200229 a 450000100100000000500170001000800410002704000250006808200190009310000480011224500490016026000410020930000210025049000320027165000300030365000340033383000390036791000390040604900090044595201220045499900150057600000918320200929161518.0720703s1966 mx 001 f spa  aDO-SdBNPbspadBNPHU aG863.44bM774L1 aMonteforte Toledo, Mario,d1911-200392385310aLlegaron del mar /cMario Monteforte Toledo. aMéxico :bJoaquín Mortiz,c1966. a235 p. ;c20 cm.1 aNovelistas contemporáneos 4aNovela guatemalteca95392 4aLiteratura guatemalteca95393 0aNovelistas contemporáneos911918 aValidado. Control de calidad BNPHU aBNGR 001054708MOaGRbGRcHDd2009-09-28iLF1l0oG863.44 M774Lp9183-10r2020-06-25w2020-06-25y4ZPréstamo en sala c8946d8946